[Event "9. Copenhagen Open Politiken Cup"]
[Site "Copenhagen"]
[Date "1987.??.??"]
[Round "2"]
[White "Karlsson, Lars"]
[Black "Rodgaard, John"]
[Result "1/2-1/2"]
[WhiteElo "2480"]
[BlackElo "2370"]
[PlyCount "77"]
[EventDate "1987.??.??"]
[EventType "swiss"]
[EventRounds "10"]
[EventCountry "DEN"]
[SourceDate "2004.01.01"]

1. c4 e6 2. Nf3 Nf6 3. g3 d5 4. Bg2 dxc4 5. Qa4+ Nbd7 6. O-O c5 7. Qxc4 b6 8.
b3 Bb7 9. Bb2 Be7 10. d3 O-O 11. Nbd2 Rc8 12. Rfc1 Nb8 13. Qc2 Nc6 14. Qd1 Rc7
15. a3 Qa8 16. Qf1 Rfc8 17. Bh1 Ne8 18. Rc2 Bf6 19. Bxf6 Nxf6 20. Rac1 Qb8 21.
Rb2 Nd4 22. b4 Nxf3+ 23. Bxf3 Bxf3 24. Nxf3 c4 25. d4 b5 26. Rbc2 Qb6 27. e3 a5
28. Qe1 Ra8 29. Ne5 Rca7 30. Rb1 a4 31. Rd1 Rd8 32. Qe2 Rc7 33. Qf3 Qb7 34.
Qxb7 Rxb7 35. f3 Rb6 36. Kf2 Nd7 37. Nxd7 Rxd7 38. e4 Rbd6 39. Ke3 1/2-1/2

[Event "9. Copenhagen Open Politiken Cup"]
[Site "Copenhagen"]
[Date "1987.??.??"]
[Round "2"]
[White "Lanc, Alois"]
[Black "Stein, Bernd"]
[Result "1/2-1/2"]
[WhiteElo "2495"]
[BlackElo "2385"]
[PlyCount "121"]
[EventDate "1987.??.??"]
[EventType "swiss"]
[EventRounds "10"]
[EventCountry "DEN"]
[SourceDate "2004.01.01"]

1. e4 e5 2. Nf3 Nc6 3. Bb5 a6 4. Ba4 b5 5. Bb3 Na5 6. O-O d6 7. d3 Nxb3 8. axb3
g6 9. d4 Bg7 10. dxe5 dxe5 11. Qe1 Bb7 12. Nc3 Ne7 13. Be3 O-O 14. Bc5 Re8 15.
Qe3 Qc8 16. b4 h6 17. Nd2 Nc6 18. Nb3 Qe6 19. Nd5 Rac8 20. c3 Kh7 21. Rfd1 Red8
22. h4 Rd7 23. Ba7 Bf8 24. Qf3 Nxa7 25. Nf6+ Kg7 26. Nxd7 Qxb3 27. Qf6+ Kg8 28.
Nxf8 Rxf8 29. Qxe5 Qe6 30. Qxe6 fxe6 31. f3 Nc6 32. Rd7 Rf7 33. Rad1 Bc8 34.
Rxf7 Kxf7 35. Kf2 Ke7 36. Ke3 Ne5 37. Kd4 Kd6 38. Ke3+ Ke7 39. Kd4 Kd6 40. f4
Nc6+ 41. Ke3+ Ke7 42. h5 e5 43. hxg6 exf4+ 44. Kxf4 Kf6 45. Rd5 Kxg6 46. Rc5
Bd7 47. Ke3 Kf6 48. b3 Be8 49. Rf5+ Ke7 50. Rf1 a5 51. bxa5 Nxa5 52. b4 Nc6 53.
g4 Ne5 54. Kf4 Ke6 55. Rh1 Nf7 56. Rh5 Bd7 57. Rc5 c6 58. Rh5 Kf6 59. Rh2 Be6
60. Rh1 Ke7 61. Rh2 1/2-1/2

[Event "9. Copenhagen Open Politiken Cup"]
[Site "Copenhagen"]
[Date "1987.??.??"]
[Round "2"]
[White "Lukacs, Peter"]
[Black "Becx, Cesar"]
[Result "1-0"]
[WhiteElo "2500"]
[BlackElo "2295"]
[PlyCount "74"]
[EventDate "1987.??.??"]
[EventType "swiss"]
[EventRounds "10"]
[EventCountry "DEN"]
[SourceDate "2004.01.01"]

1. d4 f5 2. g3 Nf6 3. Bg2 g6 4. c4 Bg7 5. Nf3 O-O 6. O-O d6 7. Nc3 Nc6 8. d5
Na5 9. Qa4 c5 10. dxc6 Nxc6 11. Rd1 Qa5 12. Qb3 Kh8 13. Bd2 Qd8 14. Rac1 Bd7
15. Be3 Ng4 16. Bf4 Na5 17. Qb4 Rc8 18. Nd5 Nc6 19. Qa3 b6 20. Bg5 Nf6 21. Nxf6
Bxf6 22. Bxf6+ Rxf6 23. Qc3 Na5 24. b3 Qf8 25. e4 fxe4 26. Ng5 Qg7 27. Nxe4
Rff8 28. Qe3 Bg4 29. Re1 h6 30. Nc3 e5 31. h3 Bf5 32. Nb5 Rcd8 33. b4 Nb7 34.
Nxa7 Ra8 35. Nb5 Rxa2 36. Qxb6 Nd8 37. Qxd6 Bd7 1-0

[Event "9. Copenhagen Open Politiken Cup"]
[Site "Copenhagen"]
[Date "1987.??.??"]
[Round "2"]
[White "Mortensen, Erling"]
[Black "Crawley, Gavin"]
[Result "1-0"]
[WhiteElo "2440"]
[BlackElo "2345"]
[PlyCount "87"]
[EventDate "1987.??.??"]
[EventType "swiss"]
[EventRounds "10"]
[EventCountry "DEN"]
[SourceDate "2004.01.01"]

1. e4 Nc6 2. Nf3 e6 3. d4 d5 4. Nbd2 Be7 5. c3 dxe4 6. Nxe4 Nf6 7. Bd3 Qd5 8.
Qe2 O-O 9. Bf4 Nxe4 10. Bxe4 Qa5 11. O-O Bd6 12. Ne5 Bxe5 13. Bxe5 Bd7 14. a4
Nxe5 15. dxe5 Rab8 16. b4 Qa6 17. b5 Qb6 18. Qd3 Rfd8 19. Bxh7+ Kf8 20. Be4 c6
21. c4 Qc5 22. Qa3 Qxa3 23. Rxa3 Be8 24. Rd3 Rxd3 25. Bxd3 Rd8 26. Rd1 cxb5 27.
axb5 a6 28. bxa6 bxa6 29. Be2 Rxd1+ 30. Bxd1 a5 31. f4 f6 32. Kf2 Bc6 33. g3 a4
34. Ke3 a3 35. Bb3 fxe5 36. fxe5 Kf7 37. Kd4 Kg6 38. Kc5 Be4 39. Ba2 Kf5 40.
Kd6 g5 41. h4 gxh4 42. gxh4 Bf3 43. h5 Bxh5 44. c5 1-0

[Event "9. Copenhagen Open Politiken Cup"]
[Site "Copenhagen"]
[Date "1987.??.??"]
[Round "2"]
[White "Pavlovic, Milos"]
[Black "Rewitz, Poul"]
[Result "1-0"]
[WhiteElo "2350"]
[BlackElo "2250"]
[PlyCount "57"]
[EventDate "1987.??.??"]
[EventType "swiss"]
[EventRounds "10"]
[EventCountry "DEN"]
[SourceDate "2004.01.01"]

1. d4 g6 2. Nf3 Bg7 3. c4 f5 4. g3 Nf6 5. Bg2 O-O 6. O-O d6 7. d5 Nbd7 8. Nd4
Ne5 9. Qc2 Rb8 10. Rd1 Ne4 11. f4 c5 12. Ne6 Bxe6 13. fxe5 Bc8 14. e6 b5 15.
cxb5 Rxb5 16. Bxe4 fxe4 17. Nc3 Rb4 18. Be3 Bd4 19. Qd2 Rf5 20. Rf1 Qb6 21.
Rxf5 Rxb2 22. Qc1 gxf5 23. Bxd4 cxd4 24. Na4 Qb5 25. Nxb2 Qxe2 26. Qg5+ Kh8 27.
Rf1 Ba6 28. Rxf5 Qe1+ 29. Kg2 1-0

[Event "9. Copenhagen Open Politiken Cup"]
[Site "Copenhagen"]
[Date "1987.??.??"]
[Round "2"]
[White "Plachetka, Jan"]
[Black "Grooten, Herman"]
[Result "1/2-1/2"]
[WhiteElo "2435"]
[BlackElo "2340"]
[PlyCount "117"]
[EventDate "1987.??.??"]
[EventType "swiss"]
[EventRounds "10"]
[EventCountry "DEN"]
[SourceDate "2004.01.01"]

1. e4 c5 2. g3 e6 3. Bg2 d5 4. Nc3 dxe4 5. Nxe4 Be7 6. Qg4 Bf8 7. Qe2 Nc6 8.
Nf3 Be7 9. O-O Nf6 10. c3 O-O 11. d4 cxd4 12. Nxd4 Nxd4 13. cxd4 Bd7 14. Nc5
Bxc5 15. dxc5 Nd5 16. Bd2 a5 17. Qe5 Bc6 18. Rfe1 Qf6 19. Qxf6 Nxf6 20. Bf4
Bxg2 21. Kxg2 Nd5 22. Bd6 Rfc8 23. a3 Ra6 24. b4 axb4 25. axb4 Nc3 26. Rxa6
bxa6 27. Ra1 Rc6 28. Be5 Nb5 29. Rd1 f6 30. Bb2 Rc7 31. Rd8+ Kf7 32. Rb8 Ke7
33. Rb6 Ra7 34. Kf3 Nc7 35. Rb8 Ra8 36. Rb7 Kd7 37. Ke4 Kc8 38. c6 Rb8 39.
Rxb8+ Kxb8 40. Kd4 Nd5 41. Kc5 Kc7 42. b5 axb5 43. Kxb5 Ne7 44. Ba3 Nxc6 45.
Bf8 g5 46. h3 Ne5 47. Be7 Nd7 48. Kc4 h6 49. Kd4 f5 50. g4 Kc6 51. f3 e5+ 52.
Ke3 fxg4 53. hxg4 Kd5 54. Ba3 Ke6 55. Bb4 Nf6 56. Bf8 Nd7 57. Bb4 Kd5 58. Ba3
Ke6 59. Bb4 1/2-1/2

[Event "9. Copenhagen Open Politiken Cup"]
[Site "Copenhagen"]
[Date "1987.??.??"]
[Round "2"]
[White "Yrjola, Jouni"]
[Black "Agustsson, Johannes"]
[Result "1-0"]
[WhiteElo "2415"]
[BlackElo "2275"]
[PlyCount "42"]
[EventDate "1987.??.??"]
[EventType "swiss"]
[EventRounds "10"]
[EventCountry "DEN"]
[SourceDate "2004.01.01"]

1. d4 Nf6 2. c4 d6 3. Nc3 Nbd7 4. Nf3 e5 5. Bg5 Be7 6. e3 O-O 7. Qc2 h6 8. h4
c6 9. O-O-O Qc7 10. g4 Re8 11. Bxf6 Nxf6 12. g5 Ng4 13. gxh6 Nxh6 14. Ng5 Bf5
15. Bd3 Bg4 16. Rdg1 Bh5 17. dxe5 dxe5 18. Rg3 Rad8 19. Be4 Qd7 20. Bxc6 Qf5
21. Bxe8 Rxe8 1-0

[Event "9. Copenhagen Open Politiken Cup"]
[Site "Copenhagen"]
[Date "1987.??.??"]
[Round "3"]
[White "Agustsson, Johannes"]
[Black "Berg, Klaus"]
[Result "0-1"]
[WhiteElo "2275"]
[BlackElo "2365"]
[PlyCount "78"]
[EventDate "1987.??.??"]
[EventType "swiss"]
[EventRounds "10"]
[EventCountry "DEN"]
[SourceDate "2004.01.01"]

1. e4 c6 2. d4 d5 3. e5 Bf5 4. h4 h5 5. Be2 e6 6. Nh3 Qxh4 7. Bf3 Qd8 8. Ng5
Be7 9. Bxh5 Bxg5 10. Bxf7+ Kxf7 11. Rxh8 Bxc1 12. Qxc1 Nd7 13. Qf4 Nf8 14. Qf3
Qg5 15. Nd2 Ng6 16. Rh2 N8e7 17. O-O-O c5 18. dxc5 Rc8 19. Qc3 b6 20. b4 a5 21.
a3 axb4 22. axb4 bxc5 23. b5 Qf4 24. g3 Qb4 25. Qb2 Qxb2+ 26. Kxb2 Nxe5 27. Rb1
c4 28. Kc1 d4 29. b6 c3 30. Nb3 d3 31. Rh4 d2+ 32. Kd1 Bg4+ 33. Rxg4 Nxg4 34.
Ke2 Nc6 35. b7 Rb8 36. Nc5 Nd4+ 37. Kf1 Nxc2 38. Na6 Nce3+ 39. fxe3 c2 0-1

[Event "9. Copenhagen Open Politiken Cup"]
[Site "Copenhagen"]
[Date "1987.??.??"]
[Round "3"]
[White "Bartels, Hans A"]
[Black "Danielsen, Henrik"]
[Result "0-1"]
[WhiteElo "2315"]
[BlackElo "2405"]
[PlyCount "80"]
[EventDate "1987.??.??"]
[EventType "swiss"]
[EventRounds "10"]
[EventCountry "DEN"]
[SourceDate "2004.01.01"]

1. d4 e6 2. g3 c5 3. Nf3 d5 4. Bg2 Nc6 5. O-O Nf6 6. c4 dxc4 7. Ne5 Nxe5 8.
dxe5 Nd7 9. f4 Rb8 10. a4 b6 11. Na3 Bb7 12. e4 c3 13. Nc4 Ba6 14. Qb3 g5 15.
Qxc3 Bxc4 16. Qxc4 gxf4 17. gxf4 Rg8 18. Be3 Qc8 19. Rad1 a6 20. Qe2 c4 21. Kh1
Rb7 22. Qh5 h6 23. f5 Nxe5 24. fxe6 Qxe6 25. Bh3 Qe7 26. Qf5 Qe6 27. Qxe6+ fxe6
28. Bxe6 Rg6 29. Bc8 Ra7 30. a5 Bc5 31. Bf5 Bxe3 32. Bxg6+ Nxg6 33. axb6 Rb7
34. Rf6 Ne7 35. Ra1 Bd4 36. Rxh6 Bxb2 37. Rxa6 c3 38. Ra4 c2 39. Rc4 c1=Q+ 40.
Rxc1 Bxc1 0-1

[Event "9. Copenhagen Open Politiken Cup"]
[Site "Copenhagen"]
[Date "1987.??.??"]
[Round "3"]
[White "Bjerring, Kai"]
[Black "Kristensen, Kaare Hove"]
[Result "1/2-1/2"]
[WhiteElo "2280"]
[BlackElo "2330"]
[PlyCount "116"]
[EventDate "1987.??.??"]
[EventType "swiss"]
[EventRounds "10"]
[EventCountry "DEN"]
[SourceDate "2004.01.01"]

1. e4 c5 2. Nf3 d6 3. d4 cxd4 4. Nxd4 Nf6 5. Nc3 a6 6. Be2 e5 7. Nb3 Be7 8. Bg5
Be6 9. f4 exf4 10. Bxf4 Nc6 11. Nd4 O-O 12. Nxe6 fxe6 13. O-O Qb6+ 14. Kh1 Qxb2
15. Qd2 Qb4 16. Rab1 Nxe4 17. Qe3 Qxc3 18. Qxe4 Rf6 19. Bd3 g6 20. Bh6 d5 21.
Qe2 Qe5 22. Rxb7 Qxe2 23. Bxe2 Rxf1+ 24. Bxf1 Rb8 25. Rxb8+ Nxb8 26. Bf4 Nc6
27. Bxa6 Nb4 28. Bc8 Kf7 29. a4 Nxc2 30. Kg1 Nd4 31. Kf1 Bb4 32. Bb7 Kf6 33.
Bc7 Nb3 34. Bc6 Kf5 35. Bd7 Ba5 36. Bd6 Bb6 37. Ke2 Ke4 38. Kd1 e5 39. Kc2 Nc5
40. Bc6 Kd4 41. Be7 Kc4 42. Bb5+ Kb4 43. Bf6 Nxa4 44. Bc6 Bd4 45. Bxd5 Kc5 46.
Bg8 h6 47. Bg7 h5 48. Bf7 Nc3 49. Bf8+ Kc6 50. Bxg6 Nd5 51. Bxh5 e4 52. Be8+
Kc7 53. Bg6 Ne3+ 54. Kb3 Nxg2 55. Bxe4 Be5 56. h3 Nf4 57. h4 Bf6 58. Bh6 Ne6
1/2-1/2

[Event "9. Copenhagen Open Politiken Cup"]
[Site "Copenhagen"]
[Date "1987.??.??"]
[Round "3"]
[White "Clausen, Steen"]
[Black "Douven, Rudy C"]
[Result "1/2-1/2"]
[WhiteElo "2270"]
[BlackElo "2425"]
[PlyCount "82"]
[EventDate "1987.??.??"]
[EventType "swiss"]
[EventRounds "10"]
[EventCountry "DEN"]
[SourceDate "2004.01.01"]

1. d4 Nf6 2. Nf3 e6 3. c4 b6 4. Nc3 Bb4 5. Qb3 c5 6. e3 Bb7 7. a3 Bxc3+ 8. Qxc3
O-O 9. b3 d6 10. Bb2 Nbd7 11. Rd1 Ne4 12. Qc2 f5 13. Be2 Rc8 14. O-O Qe7 15.
Ne1 cxd4 16. exd4 d5 17. f3 Nd6 18. a4 dxc4 19. bxc4 Nxc4 20. Bxc4 Bd5 21. Qd2
Bxc4 22. Nd3 Qd6 23. Rfe1 Bxd3 24. Qxd3 Qd5 25. Qb5 Rfe8 26. Qxd5 exd5 27. Ba3
Nf6 28. Rxe8+ Rxe8 29. Rc1 a5 30. Kf2 Rb8 31. Rc7 h6 32. h4 b5 33. axb5 Rxb5
34. Ra7 f4 35. g3 Nh5 36. gxf4 Nxf4 37. Bd6 Rb2+ 38. Kg3 Nh5+ 39. Kh3 Ra2 40.
Be5 a4 41. Rd7 Nf6 1/2-1/2

[Event "9. Copenhagen Open Politiken Cup"]
[Site "Copenhagen"]
[Date "1987.??.??"]
[Round "3"]
[White "Grooten, Herman"]
[Black "Horvath, Gyula"]
[Result "1-0"]
[WhiteElo "2340"]
[BlackElo "2435"]
[PlyCount "105"]
[EventDate "1987.??.??"]
[EventType "swiss"]
[EventRounds "10"]
[EventCountry "DEN"]
[SourceDate "2004.01.01"]

1. d4 e6 2. c4 Bb4+ 3. Bd2 Qe7 4. g3 Nf6 5. Bg2 Nc6 6. a3 Bxd2+ 7. Qxd2 e5 8.
d5 Nd4 9. Qd1 a5 10. e3 Nf5 11. Nc3 h5 12. Qc2 d6 13. h3 g6 14. Nge2 Bd7 15. b3
c5 16. dxc6 Bxc6 17. Ne4 Rc8 18. N2c3 O-O 19. O-O Nxe4 20. Bxe4 Qg5 21. Kh2 Ne7
22. Rad1 Rfd8 23. f4 Qh6 24. Qf2 f5 25. Bd5+ Kh8 26. Be6 Ra8 27. e4 exf4 28.
gxf4 Qg7 29. Nd5 fxe4 30. Nxe7 Qxe7 31. f5 Qf6 32. Qe3 g5 33. Rg1 Qe5+ 34. Kh1
Qf4 35. Rde1 Qf3+ 36. Kh2 Rg8 37. Qd4+ Kh7 38. Ref1 Qxb3 39. Qf6 Rg7 40. Rxg5
Rxg5 41. Qxg5 Qb2+ 42. Kg3 Qg7 43. Kh4 Be8 44. f6 Qxg5+ 45. Kxg5 Bg6 46. Rb1
Rb8 47. Rb6 e3 48. Rxd6 Bc2 49. Rd7+ Kh8 50. Re7 e2 51. Bd5 Bd3 52. f7 Rf8 53.
Kh6 1-0

[Event "9. Copenhagen Open Politiken Cup"]
[Site "Copenhagen"]
[Date "1987.??.??"]
[Round "3"]
[White "Hamann, Svend"]
[Black "Karlsson, Lars"]
[Result "1/2-1/2"]
[WhiteElo "2385"]
[BlackElo "2480"]
[PlyCount "120"]
[EventDate "1987.??.??"]
[EventType "swiss"]
[EventRounds "10"]
[EventCountry "DEN"]
[SourceDate "2004.01.01"]

1. d4 e6 2. c4 f5 3. Nf3 Nf6 4. g3 d5 5. Bg2 Be7 6. O-O O-O 7. b3 Nc6 8. Bb2 a5
9. Nbd2 Ne4 10. e3 a4 11. bxa4 Bd7 12. cxd5 exd5 13. Nb3 Na5 14. Ne5 Bxa4 15.
Qd3 Nc4 16. Nxc4 Bb5 17. Rfc1 dxc4 18. Qc2 Kh8 19. Nc5 Bxc5 20. dxc5 Qe7 21. a4
Ba6 22. c6 bxc6 23. Ba3 c5 24. Rd1 Rab8 25. Rab1 Rb4 26. Bxb4 cxb4 27. Bxe4 b3
28. Qb2 Qxe4 29. Rd4 Qc6 30. Qc3 Bb7 31. e4 fxe4 32. Rxc4 Qg6 33. Rxb3 Qf7 34.
Rb2 e3 35. Qxe3 Qxc4 36. Rxb7 Qxa4 37. Rxc7 Qd1+ 38. Kg2 Qd5+ 39. Kg1 Qd1+ 40.
Kg2 Qd5+ 41. f3 h6 42. Re7 Qa2+ 43. Kh3 Qd5 44. Re4 Qb5 45. g4 Qd5 46. Re8 Qf7
47. Rxf8+ Qxf8 48. f4 Qf7 49. Qe5 Qb3+ 50. Kh4 Qd3 51. Qe8+ Kh7 52. Qf7 Qe2 53.
h3 Qe3 54. Qf5+ Kg8 55. Qd5+ Kh7 56. Qf7 Kh8 57. Qf5 Kg8 58. g5 Qf2+ 59. Kh5
hxg5 60. Qe6+ Kh7 1/2-1/2

[Event "9. Copenhagen Open Politiken Cup"]
[Site "Copenhagen"]
[Date "1987.??.??"]
[Round "3"]
[White "Hoi, Carsten"]
[Black "Plachetka, Jan"]
[Result "1/2-1/2"]
[WhiteElo "2355"]
[BlackElo "2435"]
[PlyCount "24"]
[EventDate "1987.??.??"]
[EventType "swiss"]
[EventRounds "10"]
[EventCountry "DEN"]
[SourceDate "2004.01.01"]

1. d4 Nf6 2. c4 c5 3. d5 b5 4. cxb5 a6 5. bxa6 g6 6. Nc3 Bxa6 7. f4 Bg7 8. Nf3
O-O 9. e4 Bxf1 10. Rxf1 d6 11. e5 Ne8 12. Kf2 Nc7 1/2-1/2

[Event "9. Copenhagen Open Politiken Cup"]
[Site "Copenhagen"]
[Date "1987.??.??"]
[Round "3"]
[White "Hvenekilde, Jorgen"]
[Black "Jakobsen, Ole"]
[Result "1-0"]
[WhiteElo "2295"]
[BlackElo "2400"]
[PlyCount "47"]
[EventDate "1987.??.??"]
[EventType "swiss"]
[EventRounds "10"]
[EventCountry "DEN"]
[SourceDate "2004.01.01"]

1. d4 Nf6 2. c4 c5 3. d5 g6 4. Nc3 Bg7 5. e4 d6 6. Bd3 O-O 7. Nge2 Nbd7 8. f4
e6 9. O-O exd5 10. cxd5 a6 11. a4 Re8 12. Ng3 Qc7 13. h3 c4 14. Bc2 Nc5 15. Qf3
Bd7 16. Be3 Rac8 17. Rad1 Qb6 18. Rf2 Qxb2 19. Bd4 Nb3 20. Bxb3 Qxb3 21. Rb1
Qxb1+ 22. Nxb1 Nxe4 23. Bxg7 Nxf2 24. Bc3 1-0

[Event "9. Copenhagen Open Politiken Cup"]
[Site "Copenhagen"]
[Date "1987.??.??"]
[Round "3"]
[White "Jansa, Vlastimil"]
[Black "Iskov, Gert"]
[Result "1-0"]
[WhiteElo "2465"]
[BlackElo "2330"]
[PlyCount "61"]
[EventDate "1987.??.??"]
[EventType "swiss"]
[EventRounds "10"]
[EventCountry "DEN"]
[SourceDate "2004.01.01"]

1. e4 c5 2. Nf3 Nc6 3. d4 cxd4 4. Nxd4 g6 5. c4 Bg7 6. Be3 Nf6 7. Nc3 d6 8. Be2
O-O 9. O-O Re8 10. Qd2 Ng4 11. Bxg4 Bxg4 12. Rac1 Rc8 13. b3 Qa5 14. h3 Bd7 15.
Nde2 Be6 16. f4 f5 17. exf5 gxf5 18. Rf3 Bf6 19. Kh2 Kf7 20. Qd3 Rg8 21. Nd5
Nb4 22. Nxb4 Qxb4 23. Bd4 Rg6 24. Re3 Rcg8 25. g4 Bd7 26. Bxf6 Rxf6 27. g5 Rfg6
28. Nd4 Qc5 29. Rce1 Re8 30. h4 e5 31. h5 1-0

[Event "9. Copenhagen Open Politiken Cup"]
[Site "Copenhagen"]
[Date "1987.??.??"]
[Round "3"]
[White "Knudsen, Jes West"]
[Black "Jacobsen, Bo"]
[Result "1/2-1/2"]
[WhiteElo "2215"]
[BlackElo "2285"]
[PlyCount "91"]
[EventDate "1987.??.??"]
[EventType "swiss"]
[EventRounds "10"]
[EventCountry "DEN"]
[SourceDate "2004.01.01"]

1. Nf3 Nf6 2. g3 g6 3. b4 Bg7 4. Bb2 O-O 5. c4 d6 6. Bg2 e5 7. d3 a5 8. b5 Nbd7
9. O-O Nc5 10. a4 Bd7 11. Nfd2 Qc8 12. Nc3 Bh3 13. Nd5 Nxd5 14. cxd5 Bxg2 15.
Kxg2 f5 16. f4 exf4 17. Bxg7 Kxg7 18. gxf4 b6 19. Nb3 Re8 20. Nd4 Qd7 21. e4
Qf7 22. Qc2 Qf6 23. Ne2 Re7 24. Ng3 Qd4 25. Rf3 Qxa1 26. exf5 Qd4 27. fxg6 hxg6
28. f5 Rf8 29. Qd2 Ne4 30. Qe2 Nxg3 31. Qxe7+ Rf7 32. f6+ Qxf6 33. Qxf7+ Qxf7
34. Rxf7+ Kxf7 35. Kxg3 Kf6 36. d4 Kg5 37. Kf3 Kh5 38. Kg3 Kg5 39. Kf3 Kf5 40.
h4 g5 41. h5 g4+ 42. Kg3 Kg5 43. h6 Kxh6 44. Kxg4 Kg6 45. Kf4 Kf6 46. Kg4
1/2-1/2

[Event "9. Copenhagen Open Politiken Cup"]
[Site "Copenhagen"]
[Date "1987.??.??"]
[Round "3"]
[White "Lanc, Alois"]
[Black "Yrjola, Jouni"]
[Result "0-1"]
[WhiteElo "2495"]
[BlackElo "2415"]
[PlyCount "74"]
[EventDate "1987.??.??"]
[EventType "swiss"]
[EventRounds "10"]
[EventCountry "DEN"]
[SourceDate "2004.01.01"]

1. e4 c5 2. Nf3 d6 3. d4 cxd4 4. Nxd4 Nf6 5. Nc3 Nc6 6. Be2 g6 7. Nb3 Bg7 8.
O-O O-O 9. Kh1 a6 10. f4 b5 11. Bf3 Bd7 12. a3 Rc8 13. Be3 Be6 14. Nd5 Nd7 15.
c3 a5 16. Qe2 a4 17. Nc1 Na5 18. Nd3 Nc4 19. Bf2 Re8 20. N3b4 f6 21. h4 Bf7 22.
Rab1 e5 23. fxe5 Ndxe5 24. Bg3 Nxf3 25. gxf3 f5 26. Qg2 Qd7 27. Rbe1 Be6 28.
Nf4 fxe4 29. Nxe6 Qxe6 30. fxe4 Rf8 31. Rxf8+ Rxf8 32. Nd5 Qg4 33. Ne3 Qh5 34.
Qh3 Be5 35. Rg1 Nxe3 36. Qd7 Qf3+ 37. Rg2 Bxg3 0-1

[Event "9. Copenhagen Open Politiken Cup"]
[Site "Copenhagen"]
[Date "1987.??.??"]
[Round "3"]
[White "Lukacs, Peter"]
[Black "Van Mil, Johan"]
[Result "1-0"]
[WhiteElo "2500"]
[BlackElo "2395"]
[PlyCount "79"]
[EventDate "1987.??.??"]
[EventType "swiss"]
[EventRounds "10"]
[EventCountry "DEN"]
[SourceDate "2004.01.01"]

1. d4 f5 2. g3 Nf6 3. Bg2 g6 4. c4 Bg7 5. Nc3 O-O 6. Nf3 d6 7. O-O Qe8 8. Re1
Qf7 9. Qd3 h6 10. b3 Nc6 11. Ba3 Ne4 12. Rad1 Nxc3 13. Qxc3 g5 14. e3 f4 15.
exf4 g4 16. Nh4 Nxd4 17. Qe3 Nc2 18. Qxe7 c6 19. Qxf7+ Kxf7 20. Bxd6 Nxe1 21.
Rxe1 Rd8 22. c5 Bf6 23. Bf1 Be6 24. Ng2 Re8 25. Ne3 h5 26. Rd1 Kg7 27. Be2 Bd5
28. h3 Bf3 29. Bxf3 gxf3 30. g4 hxg4 31. hxg4 Kg6 32. Rd3 Rh8 33. Nf5 Rh3 34.
Ng3 Rh4 35. g5 Re8 36. Rxf3 Bb2 37. Kg2 Bc1 38. f5+ Kg7 39. f6+ Kf7 40. g6+ 1-0

[Event "9. Copenhagen Open Politiken Cup"]
[Site "Copenhagen"]
[Date "1987.??.??"]
[Round "3"]
[White "Nielsen, Jorgen G"]
[Black "Wicker, Kevin J"]
[Result "1-0"]
[WhiteElo "2245"]
[BlackElo "2295"]
[PlyCount "61"]
[EventDate "1987.??.??"]
[EventType "swiss"]
[EventRounds "10"]
[EventCountry "DEN"]
[SourceDate "2004.01.01"]

1. c4 e5 2. Nf3 e4 3. Nd4 Nc6 4. Nxc6 dxc6 5. Nc3 Bf5 6. d3 exd3 7. e4 Bg6 8.
Bxd3 Bb4 9. O-O Bxc3 10. bxc3 Qe7 11. Qa4 Nf6 12. Ba3 Qd7 13. Rad1 c5 14. Bc2
Qxa4 15. Bxa4+ c6 16. Bxc5 Nd7 17. Bd4 f6 18. Rfe1 O-O 19. Rb1 Rfb8 20. f4 Bf7
21. e5 fxe5 22. fxe5 Bxc4 23. e6 Nb6 24. Bb3 Bxb3 25. axb3 Nd5 26. Rf1 Re8 27.
Rf7 Re7 28. c4 Rxf7 29. exf7+ Kxf7 30. cxd5 cxd5 31. Rc1 1-0

[Event "9. Copenhagen Open Politiken Cup"]
[Site "Copenhagen"]
[Date "1987.??.??"]
[Round "3"]
[White "Nilsson, Nils Specht"]
[Black "Pavlovic, Milos"]
[Result "1/2-1/2"]
[WhiteElo "2230"]
[BlackElo "2350"]
[PlyCount "93"]
[EventDate "1987.??.??"]
[EventType "swiss"]
[EventRounds "10"]
[EventCountry "DEN"]
[SourceDate "2004.01.01"]

1. e4 e5 2. Nf3 Nc6 3. Bb5 a6 4. Bxc6 dxc6 5. Nxe5 Qd4 6. Nf3 Qxe4+ 7. Qe2
Qxe2+ 8. Kxe2 Bf5 9. d3 O-O-O 10. Re1 Ne7 11. Nc3 Nd5 12. Nxd5 cxd5 13. Bf4 Bb4
14. c3 Rhe8+ 15. Kd2 Bf8 16. Rxe8 Rxe8 17. Re1 Rxe1 18. Nxe1 Kd7 19. d4 f6 20.
Nd3 a5 21. f3 g5 22. Bg3 b6 23. h4 h6 24. hxg5 hxg5 25. Bh2 c5 26. Bg1 c4 27.
Nf2 b5 28. a3 Bd6 29. Nd1 Ke6 30. g4 Bd3 31. Be3 b4 32. axb4 axb4 33. Nf2 Bh7
34. Ke2 Kd7 35. Bd2 bxc3 36. bxc3 Kc6 37. Nh3 Bd3+ 38. Kf2 Bc2 39. Ke2 Kb5 40.
f4 gxf4 41. Bxf4 Be7 42. g5 fxg5 43. Bxg5 Ba3 44. Kd2 Be4 45. Nf4 Ka4 46. Ne6
Bf5 47. Nc5+ 1/2-1/2

[Event "9. Copenhagen Open Politiken Cup"]
[Site "Copenhagen"]
[Date "1987.??.??"]
[Round "3"]
[White "Poulsen, Allan"]
[Black "Conquest, Stuart"]
[Result "1/2-1/2"]
[WhiteElo "2330"]
[BlackElo "2445"]
[PlyCount "160"]
[EventDate "1987.??.??"]
[EventType "swiss"]
[EventRounds "10"]
[EventCountry "DEN"]
[SourceDate "2004.01.01"]

1. e4 c5 2. Nf3 d6 3. d4 cxd4 4. Nxd4 Nf6 5. Nc3 Nc6 6. Be2 e5 7. Nb3 Be7 8.
O-O O-O 9. f4 a5 10. a4 Nb4 11. Be3 Bd7 12. Bf3 Qc8 13. h3 Rd8 14. Rf2 Qc7 15.
Rd2 Rac8 16. Qe2 exf4 17. Bxf4 Nxc2 18. Rad1 Qb6+ 19. Nd4 Nxd4 20. Rxd4 Be6 21.
Kh2 Bb3 22. R1d2 Qc5 23. Qb5 Qxb5 24. axb5 Ne8 25. Bg4 Rc4 26. R4d3 Rb4 27. Kg3
g5 28. Be3 Bc4 29. Nd5 Bxd3 30. Nxe7+ Kf8 31. Nd5 Bxe4 32. Bxg5 Bxd5 33. Bxd8
Rxb5 34. Kh2 Be6 35. Bf3 a4 36. h4 Kg7 37. Bd1 Bb3 38. Be2 Rb4 39. Rd3 f6 40.
Rg3+ Kf8 41. Re3 Bf7 42. Be7+ Kg7 43. Rg3+ Kh8 44. Bg4 Rc4 45. Bd8 h5 46. Bd7
Rxh4+ 47. Kg1 Rf4 48. Re3 Ng7 49. g3 Rb4 50. Bxf6 Kg8 51. Bc3 Rc4 52. Bb5 Nf5
53. Rf3 Nd4 54. Rxf7 Nxb5 55. Rg7+ Kf8 56. Bf6 Rc7 57. Rg5 Rc5 58. Rg7 Nc7 59.
Rd7 Rc6 60. Rh7 Nd5 61. Bh8 b5 62. Rxh5 Nc7 63. Kf2 Kf7 64. Rh6 b4 65. g4 Ne6
66. Rh5 Kg6 67. Rf5 Nc5 68. Kf3 Nb3 69. Rf6+ Kh7 70. Rf8 d5 71. Rb8 Rc4 72. Bf6
Re4 73. Ra8 Nd2+ 74. Kg3 b3 75. Ra5 Nf1+ 76. Kh4 Ne3 77. Kh5 Rxg4 78. Ra8 Rg7
79. Bxg7 Kxg7 80. Rxa4 Nc4 1/2-1/2

[Event "9. Copenhagen Open Politiken Cup"]
[Site "Copenhagen"]
[Date "1987.??.??"]
[Round "3"]
[White "Rewitz, Poul"]
[Black "Becx, Cesar"]
[Result "0-1"]
[WhiteElo "2250"]
[BlackElo "2295"]
[PlyCount "116"]
[EventDate "1987.??.??"]
[EventType "swiss"]
[EventRounds "10"]
[EventCountry "DEN"]
[SourceDate "2004.01.01"]

1. d4 f5 2. g3 Nf6 3. Bg2 g6 4. c4 Bg7 5. Nc3 O-O 6. Nf3 d6 7. O-O Nc6 8. d5
Na5 9. Nd2 c5 10. Qc2 e5 11. b3 Rb8 12. Bb2 a6 13. e3 b5 14. f4 bxc4 15. bxc4
Ng4 16. Rae1 exf4 17. Rxf4 Qf6 18. Nb3 Qd8 19. Nd2 Re8 20. Rxg4 fxg4 21. Nd1
Bxb2 22. Nxb2 Qf6 23. Nd1 Bd7 24. Be4 Rb4 25. Rf1 Qg7 26. Qd3 Rf8 27. Re1 Nxc4
28. a3 Ne5 29. Qxa6 Rxe4 30. Nxe4 Nf3+ 31. Kf2 Qa1 32. Qxd6 Nxe1+ 33. Kxe1 Bf5
34. Nec3 Qxa3 35. e4 Bc8 36. e5 Qa5 37. e6 c4 38. Qc6 Qb4 39. Qc7 Bb7 40. Qe5
Rf5 41. Qb8+ Rf8 42. Qe5 Rf5 43. Qb8+ Rf8 44. Qc7 Bxd5 45. Qd7 Rf5 46. Kd2 Rf3
47. e7 Rd3+ 48. Ke1 Rxd1+ 49. Kxd1 Qb3+ 50. Kd2 Qb2+ 51. Kd1 Bf3+ 52. Ne2 Qxe2+
53. Kc1 Qe3+ 54. Kb2 Qb3+ 55. Kc1 Qc3+ 56. Kb1 Be4+ 57. Ka2 Qb3+ 58. Ka1 Qb1#
0-1